00327nam a2200133Ia 4500008004100000020001500041041001200056082001600068100001800084245004300102260003200145300000900177650000700186221030s9999 xx 000 0 und d a8174090169 aEnglish a105.23bBim aP. S. Bimbhra 0aElectrical Machinerycby P. S. Bimbhra bKhanna PubaNew Delhic2002 a1182 aEE